| 000 | 00531cam a22001571 4500 | ||
|---|---|---|---|
| 082 |
_a854.031 _bROS |
||
| 100 | 2 |
_aRoss-of-Bladensburg, John Foster George, _950677 |
|
| 245 | 1 | 4 |
_aThe Marquess of Hastings, K. G.; _cby Major Ross-of-Bladensburg. |
| 260 |
_aOxford, _bClarendon press, _c1893. |
||
| 300 |
_a226 p. _bfront. (port.) fold. map. _c20 cm. |
||
| 490 | 0 | _aRulers of India, [vol. XIII] | |
| 500 | _aSeries title also at head of t.-p. | ||
| 526 |
_a0 _b0 _c0 _d854_031000000000000_ROS |
||
| 650 |
_aMCE _9379 |
||
| 942 |
_2ddc _cBK |
||
| 999 |
_c553435 _d553435 |
||